Ličnosti i događaji - Statistics

General Stats
  • This quiz has been taken 44 times
  • The average score is 3 of 16
Answer Stats
Picture Answer % Correct
Josip Broz Tito
98%
Nikola Pašić
60%
Alojzije Stepinac
38%
Šarl de Gol
28%
Milan Stojadinović
23%
Dimitrije Ljotić
15%
Teheranska konferencija
13%
Žukov
13%
Marsejski atentat
10%
Pavle Karađorđević
10%
Proglašenje Kraljevine SHS
8%
Društvo naroda
5%
Krfska deklaracija
5%
Roza Luksemburg
5%
Bela Kun
0%
Velika četvorica
0%
No matching quizzes found
Score Distribution
Percent of People with Each Score
Percentile by Number Answered
Your Score History
You have not taken this quiz